<?xml version="1.0" encoding="UTF-8"?>
<record
    xmlns:xsi="http://www.w3.org/2001/XMLSchema-instance"
    xsi:schemaLocation="http://www.loc.gov/MARC21/slim http://www.loc.gov/standards/marcxml/schema/MARC21slim.xsd"
    xmlns="http://www.loc.gov/MARC21/slim">

  <leader>03345nam a2200577Ia 4500</leader>
  <controlfield tag="001">613</controlfield>
  <controlfield tag="008">241029s9999    xx            000 0 und d</controlfield>
  <datafield tag="010" ind1=" " ind2=" ">
    <subfield code="a">555</subfield>
  </datafield>
  <datafield tag="041" ind1=" " ind2=" ">
    <subfield code="a">Espa&#xF1;ol</subfield>
  </datafield>
  <datafield tag="082" ind1=" " ind2=" ">
    <subfield code="a">NO APLICA</subfield>
  </datafield>
  <datafield tag="245" ind1=" " ind2="0">
    <subfield code="a">Tecnificaci&#xF3;n de la educaci&#xF3;n nocturna en el Liceo Tom&#xE1;s Almonte Polanco del Distrito 10-03, Santo Domingo Este, R.D. A&#xF1;o lectivo 2013-2014</subfield>
  </datafield>
  <datafield tag="260" ind1=" " ind2=" ">
    <subfield code="a">Santo Domingo</subfield>
  </datafield>
  <datafield tag="300" ind1=" " ind2=" ">
    <subfield code="a">109</subfield>
  </datafield>
  <datafield tag="520" ind1=" " ind2=" ">
    <subfield code="a">30</subfield>
  </datafield>
  <datafield tag="630" ind1=" " ind2=" ">
    <subfield code="a">Innovaciones Educativas</subfield>
  </datafield>
  <datafield tag="630" ind1=" " ind2=" ">
    <subfield code="a">Inserci&#xF3;n Laboral</subfield>
  </datafield>
  <datafield tag="630" ind1=" " ind2=" ">
    <subfield code="a">Programa de Estudios</subfield>
  </datafield>
  <datafield tag="630" ind1=" " ind2=" ">
    <subfield code="a">Programa de Intervenci&#xF3;n</subfield>
  </datafield>
  <datafield tag="630" ind1=" " ind2=" ">
    <subfield code="a">Programa de Profesionalizaci&#xF3;n</subfield>
  </datafield>
  <datafield tag="650" ind1=" " ind2=" ">
    <subfield code="a">Programa de Estudios</subfield>
  </datafield>
  <datafield tag="690" ind1=" " ind2=" ">
    <subfield code="a">Elaborado</subfield>
  </datafield>
  <datafield tag="700" ind1=" " ind2=" ">
    <subfield code="e">asesor</subfield>
    <subfield code="a">P&#xE9;rez , Miledys </subfield>
  </datafield>
  <datafield tag="700" ind1=" " ind2=" ">
    <subfield code="e">autor</subfield>
    <subfield code="a">Mesa de los Santos , Clara E</subfield>
  </datafield>
  <datafield tag="700" ind1=" " ind2=" ">
    <subfield code="e">autor</subfield>
    <subfield code="a">Agramonte de los Santos , Ram&#xF3;n </subfield>
  </datafield>
  <datafield tag="901" ind1=" " ind2=" ">
    <subfield code="a">{"1":"Mesa de los Santos ","2":"Agramonte de los Santos "}</subfield>
    <subfield code="b">{"1":"Clara E","2":"Ram&#xF3;n "}</subfield>
  </datafield>
  <datafield tag="902" ind1=" " ind2=" ">
    <subfield code="a">1</subfield>
  </datafield>
  <datafield tag="903" ind1=" " ind2=" ">
    <subfield code="a">{"1":"P&#xE9;rez "}</subfield>
    <subfield code="b">{"1":"Miledys "}</subfield>
  </datafield>
  <datafield tag="904" ind1=" " ind2=" ">
    <subfield code="a">Maestr&#xED;a en</subfield>
  </datafield>
  <datafield tag="905" ind1=" " ind2=" ">
    <subfield code="a">Educaci&#xF3;n</subfield>
  </datafield>
  <datafield tag="906" ind1=" " ind2=" ">
    <subfield code="a">1</subfield>
  </datafield>
  <datafield tag="907" ind1=" " ind2=" ">
    <subfield code="a">Menci&#xF3;n en</subfield>
  </datafield>
  <datafield tag="908" ind1=" " ind2=" ">
    <subfield code="a">Gesti&#xF3;n de Centros Educativos</subfield>
  </datafield>
  <datafield tag="909" ind1=" " ind2=" ">
    <subfield code="a">Universidad Abierta para Adultos (UAPA), Recinto Santo Domingo Oriental</subfield>
  </datafield>
  <datafield tag="910" ind1=" " ind2=" ">
    <subfield code="a">NULL</subfield>
    <subfield code="b">NULL</subfield>
  </datafield>
  <datafield tag="911" ind1=" " ind2=" ">
    <subfield code="a">["1"]</subfield>
  </datafield>
  <datafield tag="912" ind1=" " ind2=" ">
    <subfield code="a">NO APLICA</subfield>
  </datafield>
  <datafield tag="913" ind1=" " ind2=" ">
    <subfield code="a">NULL</subfield>
  </datafield>
  <datafield tag="914" ind1=" " ind2=" ">
    <subfield code="a">26 de Diciembre de 2013</subfield>
  </datafield>
  <datafield tag="915" ind1=" " ind2=" ">
    <subfield code="a">18/09/14 10:09</subfield>
  </datafield>
  <datafield tag="916" ind1=" " ind2=" ">
    <subfield code="a">NULL</subfield>
  </datafield>
  <datafield tag="917" ind1=" " ind2=" ">
    <subfield code="a">NULL</subfield>
  </datafield>
  <datafield tag="918" ind1=" " ind2=" ">
    <subfield code="a">NO APLICA</subfield>
  </datafield>
  <datafield tag="919" ind1=" " ind2=" ">
    <subfield code="a">["118","120","168","169","170"]</subfield>
  </datafield>
  <datafield tag="520" ind1=" " ind2=" ">
    <subfield code="a">Los principales prop&#xF3;sitos del estudio consistieron en determinar la importancia de la tecnificaci&#xF3;n en la educaci&#xF3;n nocturna del Liceo Tom&#xE1;s Almonte Polanco del Distrito10-03, Santo Domingo Este, identificar las debilidades que presenta el centro para ser tecnificado e indagar en qu&#xE9; manera incide en el estudiante la tecnificaci&#xF3;n. El dise&#xF1;o de esta investigaci&#xF3;n fue no experimental y de campo, el m&#xE9;todo utilizado fue el cuantitativo y como t&#xE9;cnica se utiliz&#xF3; la encuesta. La poblaci&#xF3;n de estudio constaba de 77 estudiantes y 5 docentes del Liceo Tom&#xE1;s Almonte Polanco del Distrito 10-03, Santo Domingo Este, para muestra se tomaron 64 estudiantes y el total de los docentes.&#xA0; &#xA0; &#xA0; &#xA0; &#xA0; &#xA0; Entre las principales conclusiones se destaca &#xA0;que la importancia de la tecnificaci&#xF3;n radica en favorecer el grado de conocimiento t&#xE9;cnico en el desarrollo personal y social, &#xA0;adem&#xE1;s de &#xA0;permitir el incremento de los recursos &#xA0;laboral y econ&#xF3;mico, que dentro de las debilidades que presenta el centro est&#xE1;n el desinter&#xE9;s, inasistencia, &#xA0;la deserci&#xF3;n y la tardanza ,en este sentido los an&#xE1;lisis realizados indican que la tecnificaci&#xF3;n genera cambios, aumentando la asistencia en un 88% , el grado de inter&#xE9;s en un 72% y disminuyendo el nivel de impuntualidad en un 70%, la incidencia de la tecnificaci&#xF3;n en los estudiantes es socialmente positiva en un 92%.Este estudio recomienda que implementen el bachillerato t&#xE9;cnico en la educaci&#xF3;n nocturna, de manera que permita a los estudiantes formarse t&#xE9;cnicamente para enfrentarse a la actividad laboral, misma que les ayudar&#xED;a a subsistir, generar recursos &#xA0;econ&#xF3;micos y continuar con sus estudios.</subfield>
  </datafield>
  <datafield tag="921" ind1=" " ind2=" ">
    <subfield code="a">16</subfield>
  </datafield>
  <datafield tag="922" ind1=" " ind2=" ">
    <subfield code="a">16</subfield>
  </datafield>
  <datafield tag="923" ind1=" " ind2=" ">
    <subfield code="a">0</subfield>
  </datafield>
  <datafield tag="924" ind1=" " ind2=" ">
    <subfield code="a">NO APLICA</subfield>
  </datafield>
  <datafield tag="942" ind1=" " ind2=" ">
    <subfield code="c">Tesis</subfield>
  </datafield>
  <datafield tag="999" ind1=" " ind2=" ">
    <subfield code="c">555</subfield>
    <subfield code="d">555</subfield>
  </datafield>
</record>
